<?xml version="1.0" encoding="UTF-8"?><?xml-stylesheet type="text/xsl" href="static/style.xsl"?><OAI-PMH xmlns="http://www.openarchives.org/OAI/2.0/" xmlns:xsi="http://www.w3.org/2001/XMLSchema-instance" xsi:schemaLocation="http://www.openarchives.org/OAI/2.0/ http://www.openarchives.org/OAI/2.0/OAI-PMH.xsd"><responseDate>2026-04-13T01:25:33Z</responseDate><request verb="GetRecord" identifier="oai:www.recercat.cat:2117/82515" metadataPrefix="marc">https://recercat.cat/oai/request</request><GetRecord><record><header><identifier>oai:recercat.cat:2117/82515</identifier><datestamp>2025-07-22T15:59:56Z</datestamp><setSpec>com_2072_1033</setSpec><setSpec>col_2072_452951</setSpec></header><metadata><record xmlns="http://www.loc.gov/MARC21/slim" xmlns:dcterms="http://purl.org/dc/terms/" xmlns:xsi="http://www.w3.org/2001/XMLSchema-instance" xmlns:doc="http://www.lyncode.com/xoai" xsi:schemaLocation="http://www.loc.gov/MARC21/slim http://www.loc.gov/standards/marcxml/schema/MARC21slim.xsd">
   <leader>00925njm 22002777a 4500</leader>
   <datafield ind2=" " ind1=" " tag="042">
      <subfield code="a">dc</subfield>
   </datafield>
   <datafield ind2=" " ind1=" " tag="720">
      <subfield code="a">Cornellana Díaz, Pau</subfield>
      <subfield code="e">author</subfield>
   </datafield>
   <datafield ind2=" " ind1=" " tag="260">
      <subfield code="c">2015-10-21</subfield>
   </datafield>
   <datafield ind2=" " ind1=" " tag="520">
      <subfield code="a">Debido a la gran cantidad de arquitectura formalista que el mundo nos ofrece hoy en día, no es sencillo que espontáneamente una obra apele profundament a nuestra sensibilidad. En el constante bombardeo de imágenes, nuestra capacidad para emocionarnos queda reducida a aquellas obras que nos aportan algún valor superior, que nos arrancan de nuestro aburrimiento común y nos arrastran hacia otro nivel. En la mayoría de ocasiones este descubrimiento no ocurre a través de un afán propio de encontrar esas arquitecturas, sino que la manera como uno se encuentra con ellas es, en muchos casos, fruto de la casualidad. De ahí el valor de la obra.&#xd;
La arquitecura de Junya Ishigami tiene ese poder. Y quizá sea porque entre todo lo que existe, trata las cosas de otra manera. Frente a la supuesta necesidad contemporánea de expresividad, de gritar, siempre sigue habiendo otro tipo de arquitectura, como Ishigami propone. Sus proyectos, incluso aunque puedan ser enormes o impactantes, tienen una sutileza que los aparta de esta corriente común. Hay edificios mudos, edificios que hablan y edificios que cantan. Otros gritan. Los de Ishigami no lo hacen. Es una arquitectura del silencio con una figuración alternativa a la acostumbrada. Desaparecen.&#xd;
La arquitectura de Junya apela a una nueva investigación, a una nueva búsqueda de paisajes en la arquitectura. Aunque el tema no sea en sí tan novedoso, pues la naturaleza ya quería estar presente en las construcciones egipcias o griegas, la paroximación de Ishigami ciertamente lo es. La arquitectura aqui se convierte en un nuevo entorno, en un nuevo paisaje, de alguna manera reflejo de un mundo natural complejo al que debemos aproximarnos, y para lo cual es necesario hacer un cambio de escala. En esa nueva línea, y aún quizá sin ser esa la razón de la búsqueda, no se entiende la arquitectura como una presencia inquisitiva, sino que se mezcla con la vivencia, desaparece para dar paso a una experiencia intensa, compleja y a la vez ambigua. Da lugar a una poética de la desaparición.&#xd;
A pesar de que el pensamiento general de Ishigami abarque por completo toda su obra, construida o no, en su experimentacíón da lugar a espacios con cualidades muy distintas que en cada intervención traen novedad. Aunque formalmente los proyectos puedan no tener ningún parecido, y eso conlleva también que la materialidad de los mismos puede ser también distinta, su poética no  depende del material, es capaz de operar por encima de él. En el término desparaición, como en el de fragilidad o desmaterialización, pasan rápidamente por nuestro imaginario materiales ligeros y transparentes como el vídrio o el acero, y conceptos como la diafanidad, la delgadez u otros semejantes. Sin embargo, puesto que la desaparición en la arquitectura no es un concepto nuevo, no se limita a estos parámetros, y de hecho no tiene tanto que ver con ellos.&#xd;
Así pues, toda la obra construida de Ishigami puede englobarse dentro de esta poética, aún con sus diferencias formales y materiales.</subfield>
   </datafield>
   <datafield tag="653" ind2=" " ind1=" ">
      <subfield code="a">Àrees temàtiques de la UPC::Arquitectura::Arquitectes</subfield>
   </datafield>
   <datafield tag="653" ind2=" " ind1=" ">
      <subfield code="a">Àrees temàtiques de la UPC::Arquitectura::Composició arquitectònica::Teoria i estètica arquitectòniques</subfield>
   </datafield>
   <datafield tag="653" ind2=" " ind1=" ">
      <subfield code="a">Ishigami, Junʼya, 1974-</subfield>
   </datafield>
   <datafield tag="653" ind2=" " ind1=" ">
      <subfield code="a">Architecture -- Composition, proportion, etc.</subfield>
   </datafield>
   <datafield tag="653" ind2=" " ind1=" ">
      <subfield code="a">Architecture -- Theory)</subfield>
   </datafield>
   <datafield tag="653" ind2=" " ind1=" ">
      <subfield code="a">Architects -- Japan</subfield>
   </datafield>
   <datafield tag="653" ind2=" " ind1=" ">
      <subfield code="a">Poética de la desaparición</subfield>
   </datafield>
   <datafield tag="653" ind2=" " ind1=" ">
      <subfield code="a">Poètica de la desaparició</subfield>
   </datafield>
   <datafield tag="653" ind2=" " ind1=" ">
      <subfield code="a">Junya Ishigami</subfield>
   </datafield>
   <datafield tag="653" ind2=" " ind1=" ">
      <subfield code="a">Kait workshop</subfield>
   </datafield>
   <datafield tag="653" ind2=" " ind1=" ">
      <subfield code="a">Arquitectura y desaparición</subfield>
   </datafield>
   <datafield tag="653" ind2=" " ind1=" ">
      <subfield code="a">Poetics of disappearance</subfield>
   </datafield>
   <datafield tag="653" ind2=" " ind1=" ">
      <subfield code="a">Ishigami, Jun'ya, 1974-</subfield>
   </datafield>
   <datafield tag="653" ind2=" " ind1=" ">
      <subfield code="a">Arquitectura -- Teoria</subfield>
   </datafield>
   <datafield tag="653" ind2=" " ind1=" ">
      <subfield code="a">Arquitectes -- Japó</subfield>
   </datafield>
   <datafield tag="653" ind2=" " ind1=" ">
      <subfield code="a">Arquitectura -- Composició, proporció, etc.</subfield>
   </datafield>
   <datafield ind2="0" ind1="0" tag="245">
      <subfield code="a">Poética de la desaparición: Junya Ishigami</subfield>
   </datafield>
</record></metadata></record></GetRecord></OAI-PMH>